[Event "41 Indiv. Ch. Greece-Men U20 "]
[Site "?"]
[Date "2009.01.03"]
[Round "2.11"]
[White "Stathopoulos, Ioannis"]
[Black "Papadopoulos, Nikolaos"]
[Result "1-0"]
[WhiteElo "1799"]
[BlackElo "2129"]
[PlyCount "81"]
[EventDate "2009.01.02"]

1. c4 Nf6 2. Nc3 g6 3. g3 Bg7 4. Bg2 O-O 5. Nf3 d6 6. O-O e5 7. d3 Nbd7 8. Rb1
c6 9. b4 Re8 10. Nd2 Qc7 11. b5 Nc5 12. bxc6 bxc6 13. Ba3 Bf5 14. Bxc5 dxc5 15.
Qa4 Rac8 16. Nb3 e4 17. Nxc5 exd3 18. exd3 Ng4 19. N3e4 Bxe4 20. Nxe4 Rcd8 21.
c5 Rd4 22. Qa6 Rb8 23. Nd6 Ne5 24. f4 Nxd3 25. Qxc6 Qd8 26. Rxb8 Qxb8 27. Bd5
Nb4 28. Bxf7+ Kf8 29. Qd7 Rxd6 30. cxd6 Qb6+ 31. Kg2 Qe3 32. Qe6 Bd4 33. Qxe3
Bxe3 34. Re1 Bb6 35. Be6 Nd3 36. Re2 Nc5 37. Bc8 Bd8 38. d7 Kf7 39. Re8 Ne6 40.
Bb7 Kf6 41. Bd5 1-0

[Event "41 Indiv. Champ. Greece - Men "]
[Site "?"]
[Date "2009.??.??"]
[Round "1.1"]
[White "Mihopoulos, Konstantinos"]
[Black "Pavlidis, Anastasios"]
[Result "1/2-1/2"]
[WhiteElo "1913"]
[BlackElo "2371"]
[PlyCount "69"]
[EventDate "2009.01.02"]

1. e4 c5 2. Nf3 d6 3. d4 Nf6 4. Nc3 cxd4 5. Nxd4 a6 6. Be3 e5 7. Nb3 Be7 8. Be2
Be6 9. O-O O-O 10. a4 Nc6 11. f3 d5 12. exd5 Nxd5 13. Nxd5 Bxd5 14. a5 Bxb3 15.
cxb3 Bb4 16. Bb6 Qe7 17. Qd5 Rac8 18. Rac1 Nd4 19. Bd3 Rxc1 20. Rxc1 Qg5 21.
Rd1 Bd2 22. Bxd4 exd4 23. Qxg5 Bxg5 24. Be4 Rb8 25. Kf1 Be3 26. Ra1 Kf8 27. Ke2
Ke7 28. Ra4 b5 29. axb6 Rxb6 30. Bd5 Rg6 31. Kf1 d3 32. Re4+ Kd6 33. Rxe3 Kxd5
34. Rxd3+ Kc5 35. Rd7 1/2-1/2

[Event "41 Indiv. Champ. Greece - Men "]
[Site "?"]
[Date "2009.??.??"]
[Round "1.2"]
[White "Kanakaris, Georgios"]
[Black "Harokopakis, Georgios"]
[Result "1-0"]
[WhiteElo "2359"]
[BlackElo "1885"]
[PlyCount "205"]
[EventDate "2009.01.02"]

1. d4 d5 2. c4 dxc4 3. e3 Nf6 4. Bxc4 e6 5. Nf3 c5 6. O-O a6 7. Nc3 b5 8. Bb3
Bb7 9. Qe2 Nbd7 10. Rd1 Qb8 11. a3 Bd6 12. h3 O-O 13. Bc2 Qc7 14. e4 cxd4 15.
Nxd4 Rac8 16. Be3 Bh2+ 17. Kh1 Bf4 18. Rac1 Bxe3 19. Qxe3 Rfd8 20. Bb1 Qb8 21.
Kg1 Ne5 22. Ba2 Qa7 23. Qg5 Rxd4 24. Qxe5 Rcd8 25. Qc7 Rxd1+ 26. Nxd1 Qb8 27.
Qxb8 Rxb8 28. e5 Nd5 29. Bxd5 Bxd5 30. Ne3 Kf8 31. Rc7 Re8 32. f4 Be4 33. Kf2
Rd8 34. Ke2 Ke8 35. Rc3 Rd4 36. g3 h5 37. h4 b4 38. axb4 Rxb4 39. Nc4 Kd7 40.
b3 Bd5 41. Nd2 f6 42. exf6 gxf6 43. Rc5 Kd6 44. Ra5 Rb6 45. Nc4+ Bxc4+ 46. bxc4
Rc6 47. Rxh5 Rxc4 48. Ra5 Rc3 49. Rxa6+ Kd5 50. Kf2 f5 51. Ra5+ Kd6 52. Re5 Ke7
53. Re3 Rc2+ 54. Kf3 Kf6 55. Ra3 Rc1 56. Ra8 Rc3+ 57. Kg2 Kg6 58. Rg8+ Kh5 59.
Kh3 Rc1 60. Rg5+ Kh6 61. Kg2 Rc2+ 62. Kf3 Rc3+ 63. Kf2 Ra3 64. h5 Rb3 65. Rg6+
Kxh5 66. Rxe6 Ra3 67. Re8 Ra2+ 68. Kf3 Ra3+ 69. Kg2 Ra2+ 70. Kh3 Kg6 71. Rb8
Ra1 72. Rb6+ Kh5 73. Rf6 Ra5 74. Rf8 Kg6 75. Kh4 Ra1 76. Rg8+ Kf6 77. Kh3 Rh1+
78. Kg2 Ra1 79. Rc8 Kg6 80. Rc5 Ra2+ 81. Kh3 Ra1 82. Rc6+ Kh5 83. Rc8 Rh1+ 84.
Kg2 Ra1 85. Rg8 Kh6 86. Rg5 Ra2+ 87. Kh3 Ra5 88. Kh4 Rb5 89. g4 Rb1 90. Rxf5
Rh1+ 91. Kg3 Rg1+ 92. Kf3 Re1 93. Rb5 Re7 94. Rb6+ Kg7 95. f5 Re1 96. Kf4 Re2
97. Kg5 Rg2 98. Rb7+ Kg8 99. Kh5 Kf8 100. g5 Rc2 101. Kg6 Rc6+ 102. f6 Rc8 103.
Rh7 1-0

[Event "41 Indiv. Champ. Greece - Men "]
[Site "?"]
[Date "2009.??.??"]
[Round "1.3"]
[White "Kafetzis, Georgios"]
[Black "Aggelis, Nikolaos"]
[Result "1/2-1/2"]
[WhiteElo "1866"]
[BlackElo "2301"]
[PlyCount "120"]
[EventDate "2009.01.02"]

1. e4 e5 2. Nf3 Nc6 3. d4 exd4 4. Nxd4 Bc5 5. Nxc6 Qf6 6. Qd2 dxc6 7. Bd3 Qe7
8. O-O Nf6 9. Nc3 Be6 10. Qe2 Bg4 11. Qe1 O-O-O 12. Be3 Rhe8 13. f3 Bh5 14.
Bxc5 Qxc5+ 15. Qf2 Nd7 16. Qxc5 Nxc5 17. Rad1 Nxd3 18. cxd3 c5 19. Nd5 c6 20.
Nf4 Bg6 21. Nxg6 hxg6 22. Kf2 Rd4 23. Ke3 Rh8 24. h3 Rhd8 25. Rf2 b6 26. b3 Kd7
27. Rc2 Ke6 28. Rdd2 a5 29. Rc4 g5 30. a4 g6 31. Rc3 f6 32. Rc4 R8d7 33. Rc3
Rb4 34. Rd1 f5 35. Rd2 Ke5 36. Rdc2 Rc7 37. Rd2 f4+ 38. Ke2 Kd4 39. Rdc2 Ke5
40. Kd2 Re7 41. Ra2 Rd7 42. Ke2 Rd8 43. Ke1 Rf8 44. Kd2 Rf7 45. Ke2 Rh7 46. Kf2
Rh8 47. Ke2 Rd8 48. Ke1 Rf8 49. Ke2 g4 50. fxg4 f3+ 51. Ke3 fxg2 52. Rxg2 Rf1
53. h4 Rh1 54. h5 gxh5 55. g5 Rd4 56. g6 Rd8 57. g7 Rg8 58. Rcc2 Rh3+ 59. Ke2
Kf4 60. Rc1 h4 1/2-1/2

[Event "41 Indiv. Champ. Greece - Men "]
[Site "?"]
[Date "2009.??.??"]
[Round "1.4"]
[White "Ketzetzis, Georgios"]
[Black "Stathopoulos, Ioannis"]
[Result "1/2-1/2"]
[WhiteElo "2243"]
[BlackElo "1799"]
[PlyCount "51"]
[EventDate "2009.01.02"]

1. e4 c6 2. d4 d5 3. Nd2 dxe4 4. Nxe4 Nf6 5. Nxf6+ gxf6 6. c3 Bf5 7. Bc4 e6 8.
Ne2 Qc7 9. Ng3 Bg6 10. Qf3 Nd7 11. Nh5 O-O-O 12. Nxf6 Nxf6 13. Qxf6 Bd6 14. Be3
c5 15. O-O-O cxd4 16. Qxd4 Bxh2 17. Qxa7 Rxd1+ 18. Rxd1 Qxc4 19. g3 Qe4 20.
Qa8+ Kc7 21. Qa5+ Kc8 22. Qc5+ Kb8 23. Qd6+ Kc8 24. Qc5+ Kb8 25. Qa7+ Kc8 26.
Qc5+ 1/2-1/2

[Event "41 Indiv. Champ. Greece - Men "]
[Site "?"]
[Date "2009.??.??"]
[Round "1.5"]
[White "Fotiadis, Ioannis"]
[Black "Stavrianakis, Ioannis"]
[Result "0-1"]
[WhiteElo "1793"]
[BlackElo "2214"]
[PlyCount "66"]
[EventDate "2009.01.02"]

1. e4 e6 2. d4 d5 3. Nd2 Nc6 4. Ngf3 Nf6 5. e5 Nd7 6. Bd3 Nb4 7. Nf1 Nxd3+ 8.
Qxd3 c5 9. c3 a5 10. Ng3 b6 11. Be3 Ba6 12. Qd2 cxd4 13. Bxd4 Nc5 14. O-O-O Be7
15. Qe3 Qd7 16. b3 Qc6 17. Ne1 O-O 18. h4 Rfc8 19. h5 b5 20. h6 g6 21. Rd2 Nd7
22. Ne2 b4 23. Rc2 Qb5 24. f4 a4 25. f5 gxf5 26. Qg3+ Kf8 27. Qg7+ Ke8 28. Qxh7
axb3 29. Qg8+ Nf8 30. h7 bxc2 31. h8=Q bxc3 32. Nxc2 Ba3+ 33. Nxa3 Qb2+ 0-1

[Event "41 Indiv. Champ. Greece - Men "]
[Site "?"]
[Date "2009.??.??"]
[Round "1.6"]
[White "Bizopoulos, Alexandros"]
[Black "Drakakis, Georgios"]
[Result "1-0"]
[WhiteElo "2146"]
[BlackElo "1754"]
[PlyCount "69"]
[EventDate "2009.01.02"]

1. Nf3 Nf6 2. c4 g6 3. g3 Bg7 4. Bg2 O-O 5. O-O d6 6. Nc3 e5 7. d3 Nc6 8. Rb1
Ne8 9. b4 f5 10. Bg5 Nf6 11. Qd2 Ne7 12. Bh6 Nh5 13. Bxg7 Kxg7 14. d4 e4 15.
Ng5 h6 16. Nh3 Kh7 17. f3 exf3 18. Bxf3 Nf6 19. Nf4 Nc6 20. Qd3 Qe8 21. h4 Qf7
22. g4 fxg4 23. Bxc6 bxc6 24. h5 Bf5 25. e4 g5 26. Nfe2 Nxe4 27. Nxe4 d5 28.
cxd5 cxd5 29. N2g3 dxe4 30. Qb5 Qd7 31. Rxf5 Qxd4+ 32. Kh1 Rad8 33. Rbf1 Qd6
34. Rxf8 Qxg3 35. R1f7# 1-0

[Event "41 Indiv. Champ. Greece - Men "]
[Site "?"]
[Date "2009.??.??"]
[Round "1.7"]
[White "Sidiropoulos, Leonidas"]
[Black "Panagiotakos, Nikolaos"]
[Result "0-1"]
[WhiteElo "1683"]
[BlackElo "2145"]
[PlyCount "52"]
[EventDate "2009.01.02"]

1. d4 Nf6 2. c4 e6 3. Nf3 b6 4. g3 Ba6 5. Bg2 Bxc4 6. Nfd2 Bd5 7. e4 Bb7 8. Nc3
d5 9. e5 Nfd7 10. O-O c5 11. Nf3 Be7 12. Be3 Nc6 13. Qa4 O-O 14. Rfd1 a6 15.
dxc5 bxc5 16. Bf4 g5 17. Bc1 Ncxe5 18. Nxg5 Bxg5 19. f4 Bf6 20. fxe5 Nxe5 21.
Qf4 Ng6 22. Qg4 Bg7 23. h4 f5 24. Qe2 Qf6 25. Re1 Rae8 26. Na4 Qd4+ 0-1

[Event "41 Indiv. Champ. Greece - Men "]
[Site "?"]
[Date "2009.??.??"]
[Round "1.8"]
[White "Papadopoulos, Nikolaos"]
[Black "Papadopoulos, Georgios"]
[Result "0-1"]
[WhiteElo "2129"]
[BlackElo "1664"]
[PlyCount "80"]
[EventDate "2009.01.02"]

1. d4 Nf6 2. c4 e6 3. Nc3 Bb4 4. Nf3 b6 5. Bg5 Bb7 6. e3 h6 7. Bh4 g5 8. Bg3
Ne4 9. Qc2 f5 10. a3 Bxc3+ 11. bxc3 d6 12. Bd3 Nd7 13. Rb1 c5 14. Rb2 Ndf6 15.
O-O Ke7 16. Nd2 Qd7 17. f3 Nxg3 18. hxg3 Rag8 19. d5 Bc8 20. dxe6 Qxe6 21. Re1
g4 22. f4 h5 23. Rbb1 h4 24. e4 Kd8 25. exf5 Qf7 26. Ne4 hxg3 27. Nxg3 Nh5 28.
Ne4 Nxf4 29. Qd2 Qxf5 30. Rf1 Nh3+ 31. gxh3 gxh3+ 32. Kh1 Qg4 33. Rf2 Qg2+ 34.
Rxg2 hxg2+ 35. Kg1 Rh1+ 36. Kf2 Rxb1 37. Bxb1 g1=Q+ 38. Kf3 Rf8+ 39. Ke2 Bg4+
40. Kd3 Qxb1+ 0-1

[Event "41 Indiv. Champ. Greece - Men "]
[Site "?"]
[Date "2009.??.??"]
[Round "1.9"]
[White "Bellos, Ioannis"]
[Black "Panagiotakopoulos, Gerasimos"]
[Result "0-1"]
[WhiteElo "1638"]
[BlackElo "2096"]
[PlyCount "76"]
[EventDate "2009.01.02"]

1. e4 c5 2. c3 d6 3. d4 Nf6 4. Bd3 Nc6 5. Nf3 e5 6. d5 Ne7 7. h3 g6 8. O-O Bg7
9. Bg5 O-O 10. Nbd2 h6 11. Bh4 Nh5 12. Nc4 b5 13. Ne3 c4 14. Bc2 Bb7 15. a4 a6
16. Qd2 Qd7 17. Ng4 Kh7 18. axb5 axb5 19. Qe3 f5 20. Bxe7 Qxe7 21. Ngh2 f4 22.
Qe2 Nf6 23. Nd2 g5 24. Ng4 Nxg4 25. Qxg4 Bc8 26. Qe2 Bd7 27. Rfe1 Qf7 28. Nf1
f3 29. gxf3 Bxh3 30. Rxa8 Rxa8 31. Qe3 Bxf1 32. Kxf1 Rf8 33. Ke2 h5 34. Rh1 Bh6
35. Ke1 g4 36. Qe2 gxf3 37. Qf1 Qf4 38. Kd1 Qd2# 0-1

[Event "41 Indiv. Champ. Greece - Men "]
[Site "?"]
[Date "2009.??.??"]
[Round "1.10"]
[White "Skoulakis, Charalambos"]
[Black "Nikoleris, Aris"]
[Result "1-0"]
[WhiteElo "2068"]
[BlackElo "1632"]
[PlyCount "61"]
[EventDate "2009.01.02"]

1. e4 c6 2. d4 d5 3. Nd2 dxe4 4. Nxe4 Bf5 5. Ng3 Bg6 6. N1e2 Nf6 7. Nf4 Nbd7 8.
h4 e6 9. h5 Be4 10. Qe2 g5 11. Nh3 Qa5+ 12. Bd2 Qd5 13. c4 Qxd4 14. Bc3 Bb4 15.
Bxb4 Nd5 16. a3 Nxb4 17. axb4 f5 18. Nxg5 Qb6 19. N3xe4 fxe4 20. Nxe4 Qxb4+ 21.
Nc3 Ke7 22. g3 Nc5 23. Bh3 Rad8 24. O-O a6 25. Rfe1 Rd6 26. Rad1 Rhd8 27. Rxd6
Rxd6 28. Qg4 Qxb2 29. Qg7+ Kd8 30. Qh8+ Kc7 31. Nd5+ 1-0